000 04213cam a22007694i 4500
003 PE-LiUPU
005 20250731170444.0
008 150625s2008 mx a rb 000 0 spa d
020 _a9681866259
035 _a(Sirsi) i9789681866259
040 _aPE-LiUPU
_bspa
_cPE-LiUPU
_dPE-LiUPU
_erda
049 _aPRUA
082 0 4 _a150
_bH88 2008
082 0 4 _a150.22
_bH87
_221
100 1 _aHuffman, Karen,
_eautor.
245 1 0 _aPsicología en acción /
_cKaren Huffman.
264 1 _aMéxico :
_bLimusa,
_c2008.
300 _a611 páginas :
_bilustraciones ;
_c28 centímetros
336 _atext
_2rdacontent
337 _aunmediated
_2rdamedia
338 _avolume
_2rdacarrier
504 _aIncluye bibliografía.
505 0 _aIntroducción y métodos de investigación -- Neurociencias y bases biológicas -- Estrés y psicología de la salud -- Sensación y percepción -- Estados de conciencia -- Aprendizaje -- Memoria -- Pensamiento, lenguaje e inteligencia -- Desarrollo durante el ciclo de vida I -- Desarrollo durante el ciclo de vida II -- Género y sexualidad humana -- Motivación y emoción -- Personalidad -- Trastornos psicológicos -- Terapia -- Psicología social.
526 _aSEG68
526 _aSEG70
526 _aSEG69
526 _aSEG67
526 _aSEG43
526 _aP144
526 _aP143
526 _aP131
526 _aP122
526 _aP120
526 _aP117
526 _aP112
526 _aP110
526 _aP106
526 _aP101
526 _aP80
526 _aP59
526 _aP54
526 _aP35
526 _aP33
526 _aP30
541 _g014-0000458;
650 0 4 _aPsicología.
_95567
700 1 _aNúñez, José Luis,
_etraductor.
700 1 _aReza, David,
_etraductor.
910 _bjv
_clch
_d20090210
910 _btqv
_cwelc
_d20161102
942 _2ddc
_cBOOK
949 _a150 H88 2008
_wDEWEY
_c1
_iFJ03691
_lCCODEBUJ1
_mBUJ
_p45.00
_r0
_sY
_tBOOK
_u2015-10-16
_xSALUD
_PP33
_0COMPRA
_o.STAFF. Colección General Juliaca
949 _a150 H88 2008
_wDEWEY
_c2
_iFJ03692
_lCCODEBUJ1
_mBUJ
_p45.00
_r0
_sY
_tBOOK
_u2015-12-10
_xSALUD
_PP33
_0COMPRA
_o.STAFF. Colección General Juliaca
949 _a150 H88 2008
_wDEWEY
_c3
_iFJ03693
_lCCODEBUJ1
_mBUJ
_p45.00
_r0
_sY
_tBOOK
_u2015-12-10
_xSALUD
_PP33
_0COMPRA
_o.STAFF. Colección General Juliaca
949 _a150 H88 2008
_wDEWEY
_c4
_iFJ03694
_lCCODEBUJ1
_mBUJ
_p45.00
_r0
_sY
_tBOOK
_u2015-12-10
_xSALUD
_PP33
_0COMPRA
_o.STAFF. Colección General Juliaca
949 _a150 H88 2008
_wDEWEY
_c5
_iFJ03695
_lCCODEBUJ1
_mBUJ
_p45.00
_r0
_sY
_tBOOK
_u2015-12-10
_xSALUD
_PP33
_0COMPRA
_o.STAFF. Colección General Juliaca
949 _a150.22 H87
_wDEWEY
_c1
_i58973
_d2016-4-20
_e2016-4-20
_lCCODEBUL1
_mBUL
_n4
_p42.00
_r0
_sY
_tBOOK
_u2015-6-25
_xSALUD
_PP33
_0COMPRA
_o.STAFF. Colección Ciencias de la Salud
994 _aC0
_bPEPRU
596 _a1 3
999 _a150.22 H87
_wDEWEY
_c47811
_i58973
_d47811
_e2018-9-9
_f2021-11-3
_g5
_lCCODEBUL1
_mBUL
_n8
_p42.00
_q1
_r0
_sY
_tBOOK
_u2015-6-25
_xSALUD
_zP33
_0COMPRA
_o.STAFF. Colección Ciencias de la Salud
999 _a150 H88 2008
_wDEWEY
_c1
_iFJ03691
_d2019-8-14
_e2019-8-12
_f2022-1-17
_g4
_lCCODEBUJ1
_mBUJ
_n15
_p45.00
_q15
_r0
_sY
_tBOOK
_u2015-10-16
_xSALUD
_PP33
_0COMPRA
_o.STAFF. Colección General Juliaca
999 _a150 H88 2008
_wDEWEY
_c2
_iFJ03692
_d2018-8-21
_e2018-8-19
_f2022-1-17
_g4
_lCCODEBUJ1
_mBUJ
_n1
_p45.00
_r0
_sY
_tBOOK
_u2015-12-10
_xSALUD
_PP33
_0COMPRA
_o.STAFF. Colección General Juliaca
999 _a150 H88 2008
_wDEWEY
_c3
_iFJ03693
_d2019-11-13
_e2018-4-2
_f2022-1-17
_g4
_lCCODEBUJ1
_mBUJ
_n1
_p45.00
_q2
_r0
_sY
_tBOOK
_u2015-12-10
_xSALUD
_PP33
_0COMPRA
_o.STAFF. Colección General Juliaca
999 _a150 H88 2008
_wDEWEY
_c4
_iFJ03694
_d2018-5-22
_e2017-6-27
_f2022-1-17
_g4
_lCCODEBUJ1
_mBUJ
_n1
_p45.00
_q4
_r0
_sY
_tBOOK
_u2015-12-10
_xSALUD
_PP33
_0COMPRA
_o.STAFF. Colección General Juliaca
999 _a150 H88 2008
_wDEWEY
_c5
_iFJ03695
_d2019-11-20
_e2019-11-19
_f2022-1-17
_g4
_lCCODEBUJ1
_mBUJ
_n7
_p45.00
_q9
_r0
_sY
_tBOOK
_u2015-12-10
_xSALUD
_PP33
_0COMPRA
_o.STAFF. Colección General Juliaca
980 _81
_gALBERTO SANCHEZ Responsable de Automatización